Superbowl Half-time Singers - Statistics

General Stats
  • This quiz has been taken 47 times
  • The average score is 9 of 26
Answer Stats
Year Answer % Correct
2024 Kendrick Lamar
86%
2025 Bad Bunny
84%
2022 Rihanna
78%
2023 Usher
70%
2012 Beyoncé
65%
2020 The Weeknd
59%
2013 Bruno Mars
57%
2016 Lady Gaga
54%
2015 Coldplay
49%
2014 Katy Perry
49%
2017 Justin Timberlake
41%
2006 Prince
41%
2018 Maroon 5
30%
2011 Madonna
22%
2005 The Rolling Stones
22%
2001 U2
22%
2009 The Who
19%
2010 Black Eyed Peas
16%
2008 Bruce Springsteen
16%
2004 Paul McCartney
14%
2019 Jennifer Lopez, Shakira
3%
2000 Aerosmith, ‘N Sync
0%
2021 Dr. Dre, Snoop Dog, Eminem, Mary J. Blige, Kendrick Lamar, 50 Cent
0%
2003 Janet Jackson, P. Diddy, Nelly, Kid Rock, Justin Timberlake
0%
2002 Shania Twain, No Doubt
0%
2007 Tom Pretty & The Heartbreakers
0%
No matching quizzes found
Score Distribution
Percent of People with Each Score
Percentile by Number Answered
Your Score History
You have not taken this quiz